<?xml version="1.0" encoding="UTF-8"?>
<record
    xmlns:xsi="http://www.w3.org/2001/XMLSchema-instance"
    xsi:schemaLocation="http://www.loc.gov/MARC21/slim http://www.loc.gov/standards/marcxml/schema/MARC21slim.xsd"
    xmlns="http://www.loc.gov/MARC21/slim">

  <leader>01264nam2a2200241   4500</leader>
  <controlfield tag="001">rc\2999025</controlfield>
  <controlfield tag="005">20260315063625.0</controlfield>
  <datafield tag="035" ind1=" " ind2=" ">
    <subfield code="a">(NLR Aleph) 007142554</subfield>
  </datafield>
  <datafield tag="090" ind1=" " ind2=" ">
    <subfield code="a">13615000</subfield>
    <subfield code="c">13615000</subfield>
  </datafield>
  <datafield tag="100" ind1=" " ind2=" ">
    <subfield code="a">20110919d1936    u  y0rusy50      ca</subfield>
  </datafield>
  <datafield tag="101" ind1="0" ind2=" ">
    <subfield code="a">rus</subfield>
  </datafield>
  <datafield tag="102" ind1=" " ind2=" ">
    <subfield code="a">RU</subfield>
  </datafield>
  <datafield tag="105" ind1=" " ind2=" ">
    <subfield code="a">y   j   |||||</subfield>
  </datafield>
  <datafield tag="200" ind1="1" ind2=" ">
    <subfield code="a">&#x41F;&#x440;&#x43E;&#x438;&#x437;&#x432;&#x43E;&#x434;&#x441;&#x442;&#x432;&#x43E; &#x438; &#x43F;&#x440;&#x438;&#x441;&#x432;&#x43E;&#x435;&#x43D;&#x438;&#x435; &#x43F;&#x440;&#x438;&#x431;&#x430;&#x432;&#x43E;&#x447;&#x43D;&#x43E;&#x439; &#x441;&#x442;&#x43E;&#x438;&#x43C;&#x43E;&#x441;&#x442;&#x438; - &#x43E;&#x441;&#x43D;&#x43E;&#x432;&#x44B; &#x43A;&#x430;&#x43F;&#x438;&#x442;&#x430;&#x43B;&#x438;&#x437;&#x43C;&#x430;</subfield>
    <subfield code="e">&#x421;&#x442;&#x435;&#x43D;&#x43E;&#x433;&#x440;. &#x43B;&#x435;&#x43A;&#x446;&#x438;&#x438; &#x434;-&#x440;&#x430; &#x44D;&#x43A;&#x43E;&#x43D;. &#x43D;&#x430;&#x443;&#x43A; &#x41A;.&#x412;. &#x41E;&#x441;&#x442;&#x440;&#x43E;&#x432;&#x438;&#x442;&#x44F;&#x43D;&#x43E;&#x432;&#x430;, &#x43F;&#x440;&#x43E;&#x447;&#x438;&#x442;&#x430;&#x43D;&#x43D;&#x43E;&#x439; 20-21 &#x430;&#x432;&#x433;&#x443;&#x441;&#x442;&#x430; 1936 &#x433;.</subfield>
  </datafield>
  <datafield tag="210" ind1=" " ind2=" ">
    <subfield code="d">1936</subfield>
  </datafield>
  <datafield tag="215" ind1=" " ind2=" ">
    <subfield code="a">46, [2] &#x441;.</subfield>
  </datafield>
  <datafield tag="461" ind1=" " ind2="0">
    <subfield code="1">001rc\2999023</subfield>
    <subfield code="1">2001#$a&#x41A;&#x443;&#x440;&#x441; &#x43F;&#x43E;&#x43B;&#x438;&#x442;&#x438;&#x447;&#x435;&#x441;&#x43A;&#x43E;&#x439; &#x44D;&#x43A;&#x43E;&#x43D;&#x43E;&#x43C;&#x438;&#x438;$e&#x41B;&#x435;&#x43A;&#x446;&#x438;&#x44F; 7-$f&#x412;&#x44B;&#x441;&#x448;&#x430;&#x44F; &#x448;&#x43A;&#x43E;&#x43B;&#x430; &#x43F;&#x440;&#x43E;&#x43F;&#x430;&#x433;&#x430;&#x43D;&#x434;&#x438;&#x441;&#x442;&#x43E;&#x432; &#x438;&#x43C;. &#x42F;.&#x41C;. &#x421;&#x432;&#x435;&#x440;&#x434;&#x43B;&#x43E;&#x432;&#x430; &#x43F;&#x440;&#x438; &#x426;&#x41A; &#x412;&#x41A;&#x41F;(&#x431;)$v&#x41B;&#x435;&#x43A;&#x446;&#x438;&#x44F; 8</subfield>
    <subfield code="9">7070401</subfield>
    <subfield code="c">&#x41C;&#x43E;&#x441;&#x43A;&#x432;&#x430;</subfield>
    <subfield code="d">1941</subfield>
    <subfield code="f">&#x412;&#x44B;&#x441;&#x448;&#x430;&#x44F; &#x448;&#x43A;&#x43E;&#x43B;&#x430; &#x43F;&#x440;&#x43E;&#x43F;&#x430;&#x433;&#x430;&#x43D;&#x434;&#x438;&#x441;&#x442;&#x43E;&#x432; &#x438;&#x43C;. &#x42F;.&#x41C;. &#x421;&#x432;&#x435;&#x440;&#x434;&#x43B;&#x43E;&#x432;&#x430; &#x43F;&#x440;&#x438; &#x426;&#x41A; &#x412;&#x41A;&#x41F;(&#x431;)</subfield>
    <subfield code="n">&#x411;. &#x438;.</subfield>
    <subfield code="o">&#x41B;&#x435;&#x43A;&#x446;&#x438;&#x44F; 7-</subfield>
    <subfield code="t">&#x41A;&#x443;&#x440;&#x441; &#x43F;&#x43E;&#x43B;&#x438;&#x442;&#x438;&#x447;&#x435;&#x441;&#x43A;&#x43E;&#x439; &#x44D;&#x43A;&#x43E;&#x43D;&#x43E;&#x43C;&#x438;&#x438;</subfield>
    <subfield code="v">&#x41B;&#x435;&#x43A;&#x446;&#x438;&#x44F; 8</subfield>
  </datafield>
  <datafield tag="700" ind1=" " ind2="1">
    <subfield code="a">&#x41E;&#x441;&#x442;&#x440;&#x43E;&#x432;&#x438;&#x442;&#x44F;&#x43D;&#x43E;&#x432;</subfield>
    <subfield code="b">&#x41A;.&#x412;.</subfield>
  </datafield>
  <datafield tag="801" ind1=" " ind2="0">
    <subfield code="a">RU</subfield>
    <subfield code="b">NLR</subfield>
    <subfield code="g">psbo</subfield>
  </datafield>
  <datafield tag="801" ind1=" " ind2="1">
    <subfield code="a">RU</subfield>
    <subfield code="b">ELAR</subfield>
    <subfield code="2">rusmarc</subfield>
  </datafield>
  <datafield tag="852" ind1=" " ind2=" ">
    <subfield code="a">NLR</subfield>
    <subfield code="j">36-17/470</subfield>
  </datafield>
  <datafield tag="942" ind1=" " ind2=" ">
    <subfield code="c">UNSPEC</subfield>
  </datafield>
  <datafield tag="980" ind1=" " ind2=" ">
    <subfield code="a">NB</subfield>
  </datafield>
</record>
